000 00588nam a2200193 i 4500
001 71197
003 ES-MaACL
005 20250805064137.0
007 t|
008 040806s1960 sp |||| | spa d
100 1 _aGautier, Théophile,
_d1811-1872
_9170960
245 1 3 _aLa tauromaquia
_b= La tauromachie /
_cTeófilo Gautier.
260 _aMadrid :
_bUnión de Bibliófilos Taurinos,
_c1960.
300 _a40 p. ;
_c24 cm.
650 0 4 _aTauromaquia.
_917288
710 2 _aUnión de Bibliófilos Taurinos.
_97005
852 _aES-MaACL
_j2022-F-29
999 _c71197
_d71197